=LDR 00000nam 2200000 4500 =001 INLIS000000000029416 =005 20130612131642 =008 ***********************************Ind** =035 ##$$0010-061300000029416 =041 ##$$a Ind =082 ##$$a 819.3 =090 ##$$a 819.3, Ros h =100 ##$$a Rosyadi =245 ##$$a Hikayat banjar dan kotaringin, Rosyadi =260 ##$$a 1993 $b Jakarta =300 ##$$a 172 hlm, 21 cm =650 ##$$a Kesusastraan-Kalimantan Selatan =850 ##$$a NBPNMAT